01198nam a2200253 a 450000100100000000500170001000800410002702000150006804000250008311100990010824501360020724600780034326000690042130000210049049000700051149000340058170000410061570000420065683000740069883000410077204900090081395201050082299900170092700002376020250924073802.0110113s2004 dr 001 0 spa d a9993477400 aDO-SdBNPbspacBNPHU2 aEncuentro internacional de escritores "Pablo Neruda".c(Santo Domingod1983: sept., 11)94891710aEncuentro internacional de escritores "Pablo Neruda". /ccoordinador Mateo Morrison : presentación Porfirio García Fernández.14aActas y documentos:bencuentro internacional de escritores "Pablo Neruda" aSanto Domingo :bUniversidad Autónoma de Santo Domingo,c2004. a121 p. ;c20 cm.1 aPublicaciones de la Universidad Autónoma de Santo Domingov11451 aLiteratura y sociedadvno. 421 aMorrison, Mateo,d1947-ecoor.914691 aGarcía Fernández, Porfirio917488 aPublicaciones de la Universidad Autónoma de Santo Domingov1145952 0aLiteratura y sociedadvno. 42912032 aBNPD 0010718PDaPDbPDcCTd2011-01-13iLF1l0o p23760-10r2020-06-25w2020-06-25yLFPDZNo se presta c23256d23256